MARC details
| 000 -LEADER |
| fixed length control field |
01415nam a2200265 a 4500 |
| 008 - FIXED-LENGTH DATA ELEMENTS--GENERAL INFORMATION |
| fixed length control field |
110112s2004 ||||||||||||||||| || u |
| 020 ## - INTERNATIONAL STANDARD BOOK NUMBER |
| International Standard Book Number |
9158684158 |
| 022 ## - |
| -- |
14049562 |
| 050 ## - LIBRARY OF CONGRESS CALL NUMBER |
| Classification number |
ML 3760 Sou |
| 100 ## - MAIN ENTRY--PERSONAL NAME |
| Personal name |
Thorsén, Stig-Magnus |
| 245 10 - TITLE STATEMENT |
| Title |
Sounds of change: social and political features of music in Africa |
| Statement of responsibility, etc. |
[edited by] Stig-Magnus Thorsén |
| 260 ## - PUBLICATION, DISTRIBUTION, ETC. |
| Place of publication, distribution, etc. |
Stockholm |
| Name of publisher, distributor, etc. |
SIDA |
| Date of publication, distribution, etc. |
2004 |
| 300 ## - PHYSICAL DESCRIPTION |
| Extent |
220p.: ill. + CD-ROM |
| 350 ## - |
| -- |
0.00 |
| 490 ## - |
| -- |
Sida studies, no. 12 |
| 500 ## - GENERAL NOTE |
| General note |
Accompanied By CD-ROM [See Reference Librarian] |
| 650 ## - SUBJECT ADDED ENTRY--TOPICAL TERM |
| Topical term or geographic name entry element |
POPULAR MUSIC--AFRICA--HISTORY AND CRITICISM |
| 650 ## - SUBJECT ADDED ENTRY--TOPICAL TERM |
| Topical term or geographic name entry element |
MUSIC--AFRICA--POLITICAL IMPACT |
| 650 ## - SUBJECT ADDED ENTRY--TOPICAL TERM |
| Topical term or geographic name entry element |
MUSIC |
| 650 ## - SUBJECT ADDED ENTRY--TOPICAL TERM |
| Topical term or geographic name entry element |
MUSIC--AFRICA--SOCIAL ASPECTS |
| 995 ## - |
| -- |
ANNEX COLLECTION (Main Library) |
| -- |
0.00 |
| -- |
742357 |
| -- |
CBU-MAIN LIBRARY (Kitwe) |
| -- |
1 |
| -- |
0.00 |
| -- |
ML 3760 SOU |
| -- |
2 |
| -- |
AVAILABLE |
| -- |
Mar 9, 2011 |
| -- |
742357 |
| -- |
Annex Low-Usage Collection |
| 995 ## - |
| -- |
MAIN LIBRARY OPEN ACCESS |
| -- |
0.00 |
| -- |
742359 |
| -- |
CBU-MAIN LIBRARY (Kitwe) |
| -- |
1 |
| -- |
0.00 |
| -- |
ML 3760 SOU |
| -- |
4 |
| -- |
AVAILABLE |
| -- |
Mar 9, 2011 |
| -- |
742359 |
| -- |
Main Library Open Access Collection |
| 995 ## - |
| -- |
ANNEX COLLECTION (Main Library) |
| -- |
0.00 |
| -- |
742356 |
| -- |
CBU-MAIN LIBRARY (Kitwe) |
| -- |
1 |
| -- |
0.00 |
| -- |
ML 3760 SOU |
| -- |
1 |
| -- |
AVAILABLE |
| -- |
Mar 9, 2011 |
| -- |
742356 |
| -- |
Annex Low-Usage Collection |
| 995 ## - |
| -- |
MAIN LIBRARY OPEN ACCESS |
| -- |
0.00 |
| -- |
742358 |
| -- |
CBU-MAIN LIBRARY (Kitwe) |
| -- |
1 |
| -- |
0.00 |
| -- |
ML 3760 SOU |
| -- |
3 |
| -- |
AVAILABLE |
| -- |
Mar 9, 2011 |
| -- |
742358 |
| -- |
Main Library Open Access Collection |
| 999 ## - |
| -- |
76668 |
| -- |
76668 |